00377 2200145 4500001002100000005001500021035002000036245006000056100002200116300001100138260004800149082000800197084001400205990001200219INLIS00000000000234920250528104655 a0010-05250006411 aMenjadi Artis Ngetop Dengan W.U.T. /cBuanergis Muryono0 aBuanergis Muryono a92 hlm aJakarta :bPT. Elek Media Komputindo,c2000 a600 a600 BUA m a0712347